| 000 -LEADER |
| fixed length control field |
01628cam a2200205 i 4500 |
| 003 - CONTROL NUMBER IDENTIFIER |
| control field |
OSt |
| 005 - DATE AND TIME OF LATEST TRANSACTION |
| control field |
20260214104011.0 |
| 008 - FIXED-LENGTH DATA ELEMENTS--GENERAL INFORMATION |
| fixed length control field |
230905s2024 enka b 001 0 eng |
| 020 ## - INTERNATIONAL STANDARD BOOK NUMBER |
| International Standard Book Number |
9781350359468 |
| Qualifying information |
(hardback) |
| 082 00 - DEWEY DECIMAL CLASSIFICATION NUMBER |
| Classification number |
700.1/03 |
| Edition number |
23/eng/20231212 |
| 245 04 - TITLE STATEMENT |
| Title |
The handbook of cultural work / |
| Statement of responsibility, etc |
edited by Christos Carras. |
| 300 ## - PHYSICAL DESCRIPTION |
| Extent |
330 pages : |
| Other physical details |
illustrations ; |
| Dimensions |
25 cm |
| 504 ## - BIBLIOGRAPHY, ETC. NOTE |
| Bibliography, etc |
Includes bibliographical references and index. |
| 520 ## - SUMMARY, ETC. |
| Summary, etc |
"This open access handbook explores the increasingly cross-disciplinary nature of cultural work and assesses how it engages with other fields, such as: education, research, and health; as well as the defining issues of our time such as the climate emergency, the quest for sustainable development, discrimination of all kinds, and the need for achieving greater inclusivity. Each of the book's six sections includes contributions from scholars and practitioners from across Europe based both on their experience of working in and a theoretical analysis of these areas. The book is essential reading for students of arts and cultural management, management in other creative industries, and curation. The eBook editions of this book are available open access under a CC BY-NC-ND 4.0 licence on bloomsburycollections.com. Open access was funded by The Onassis Foundation, Greece"-- |
| 650 #0 - SUBJECT ADDED ENTRY--TOPICAL TERM |
| Topical term or geographic name as entry element |
Arts and society |
| Geographic subdivision |
Europe. |
| 650 #0 - SUBJECT ADDED ENTRY--TOPICAL TERM |
| Topical term or geographic name as entry element |
Cultural industries |
| General subdivision |
Social aspects |
| Geographic subdivision |
Europe. |
| 700 1# - ADDED ENTRY--PERSONAL NAME |
| Personal name |
Carras, Christos, |
| Dates associated with a name |
1962- |
| Relator term |
editor. |
| 776 08 - ADDITIONAL PHYSICAL FORM ENTRY |
| Display text |
Online version: |
| Title |
Handbook of cultural work |
| Place, publisher, and date of publication |
London : Bloomsbury Visual Arts, 2024 |
| International Standard Book Number |
9781350359475 |
| Record control number |
(DLC) 2023036464 |
| 942 ## - ADDED ENTRY ELEMENTS (KOHA) |
| Source of classification or shelving scheme |
|